Province dell'Afghanistan con mappa - Statistics

Statistiche generali
  • Questo quiz è stato fatto 86 volte
  • Il punteggio medio è 10 su 34
Risposte nella Mappa
Le risposte nella mappa del quiz sottostante sono codificate secondo una scala di colori dal rosso al verde in base alla % di persone che hanno risposto correttamente.
 
Statistiche sulle risposte
Risposta % Corretto
Kabul
100%
Herat
58%
Kandahar
58%
Badakhshan
33%
Badghis
25%
Baghlan
25%
Bamiyan
25%
Daikondi
25%
Farah
25%
Faryab
25%
Ghazni
25%
Ghowr
25%
Helmand
25%
Jowzjan
25%
Kapisa
25%
Khowst
25%
Konar
25%
Lowgar
25%
Nangarhar
25%
Nimruz
25%
Nurestan
25%
Oruzgan
25%
Paktia
25%
Paktika
25%
Panjshir
25%
Parvan
25%
Samangan
25%
Sar-e Pol
25%
Takhar
25%
Vardak
25%
Zabol
25%
Balkh
17%
Konduz
17%
Laghman
17%
Nessun quiz corrispondente trovato
Distribuzione punteggi
Percentuale di utenti per punteggio
Percentile per numero di risposta
I tuoi punteggi nel tempo
Non hai fatto questo quiz